书目信息 |
| 题名: |
2010北京园林绿化新起点
|
|
| 作者: | 北京园林学会 | |
| 分册: | ||
| 出版信息: | 北京 中国林业出版社 2011 |
|
| 页数: | 456 | |
| 开本: | 26cm | |
| 丛书名: | ||
| 单 册: | ||
| 中图分类: | S73 | |
| 科图分类: | ||
| 主题词: | 绿化 | |
| 电子资源: | ||
| ISBN: | 978-7-5038-6260-1 | |
| 000 | 00581nam0 2200181 450 | |
| 001 | 1735846483 | |
| 005 | 20170410095726.48 | |
| 010 | @a978-7-5038-6260-1 | |
| 100 | @a20170410d km y0chiy0120 ea | |
| 101 | 0 | @achi |
| 200 | 1 | @a2010北京园林绿化新起点@A2010 bei jing yuan lin lu hua xin qi dian@f北京园林学会@Fbei jing yuan lin xue hui |
| 210 | @a北京@c中国林业出版社@d2011 | |
| 215 | @a456@c彩图@d26cm | |
| 606 | 0 | @a绿化 |
| 690 | @aS73@v4 | |
| 701 | 0 | @a北京园林学会@Abei jing yuan lin xue hui |
| 801 | 0 | @aCN@b大连网信软件有限公司图书馆·11@c20170410 |
| 905 | @b6604112@dS73@en2@f1 | |
| 2010北京园林绿化新起点/北京园林学会.-北京:中国林业出版社,2011 |
| 456:彩图;26cm |
| ISBN 978-7-5038-6260-1: |
| ● |
| 相关链接 |
|
|
|
|
正题名:2010北京园林绿化新起点
索取号:S73/n2
 
预约/预借
| 序号 | 登录号 | 条形码 | 馆藏地/架位号 | 状态 | 备注 |
| 1 | 6604112 | 266041124 | 生命科学系资料室/ [索取号:S73/n2] | 在馆 |